[Event "DEN-ch G5-2"]
[Site "Svendborg"]
[Date "2016.03.28"]
[Round "5"]
[White "Hansen, Alex Mehr"]
[Black "Yssing, Klaus"]
[Result "0-1"]
[WhiteElo "1906"]
[BlackElo "2010"]
[PlyCount "70"]
[EventDate "2016.03.24"]
[EventType "swiss"]
[EventRounds "5"]
[EventCountry "DEN"]
[SourceTitle "EXT 2023"]
[Source "ChessBase"]
[SourceDate "2022.10.05"]
[SourceVersion "1"]
[SourceVersionDate "2022.10.05"]
[SourceQuality "1"]

1. e4 Nf6 2. e5 Nd5 3. d4 d6 4. c4 Nb6 5. exd6 cxd6 6. b3 g6 7. Bb2 Bg7 8. Nf3 Bg4 9. Nbd2 0-0 10. h3 Bxf3 11. Nxf3 d5 12. c5 N6d7 13. Qd2 Nc6 14. Bb5 a6 15. Bxc6 bxc6 16. 0-0 Nf6 17. Ne5 Qc7 18. Qe2 Ne4 19. Nf3 a5 20. Nd2 Nxc5 21. Rfc1 Ne6 22. Nf3 Rfc8 23. Rc2 Qb6 24. Qe3 a4 25. g3 axb3 26. axb3 Rxa1+ 27. Bxa1 Rb8 28. Kg2 Bf6 29. h4 h5 30. Kh3 Kg7 31. Kg2 Qxb3 32. Rxc6 Qa4 33. Rc1 Rb4 34. Bc3 Rc4 35. Ne5 Rc7 0-1

[Event "EU-Cup 31st"]
[Site "Skopje"]
[Date "2015.10.20"]
[Round "3.6"]
[White "Yssing, Klaus"]
[Black "Steil Antoni, Fiona"]
[Result "1-0"]
[WhiteElo "2039"]
[BlackElo "2150"]
[PlyCount "91"]
[EventDate "2015.10.18"]
[EventType "team-swiss"]
[EventRounds "7"]
[EventCountry "MKD"]
[SourceTitle "CBM 169"]
[Source "ChessBase"]
[SourceDate "2015.11.10"]
[SourceVersion "1"]
[SourceVersionDate "2015.11.10"]
[SourceQuality "1"]
[WhiteTeam "Bronshoj"]
[BlackTeam "Cheddleton"]
[WhiteTeamCountry "DEN"]
[BlackTeamCountry "ENG"]

1. e4 d6 2. g3 e5 3. Bg2 g6 4. Nf3 Bg7 5. 0-0 Ne7 6. d4 Nd7 7. c3 0-0 8. Nbd2 b6 9. Re1 Bb7 10. dxe5 dxe5 11. b3 b5 12. Qe2 a6 13. a4 bxa4 14. Rxa4 Nc5 15. Ra1 Nd3 16. Rd1 Nxc1 17. Raxc1 Qd7 18. Qe3 Rfd8 19. Bf1 Qc6 20. Bc4 h6 21. Bd3 Qe6 22. Nc4 Nc6 23. Rd2 Bf8 24. h4 a5 25. Ra1 Kg7 26. Bf1 Rxd2 27. Ncxd2 Qd6 28. Nc4 Qe7 29. Bh3 Qe8 30. h5 g5 31. Bf5 Qe7 32. Rd1 Bc8 33. Bxc8 Rxc8 34. Rd5 Re8 35. Nxa5 Nxa5 36. Rxa5 Qf6 37. Kg2 Bd6 38. Nd2 Rb8 39. b4 Qe6 40. Qe2 Be7 41. Nc4 f6 42. Ne3 Rd8 43. Ra6 Qb3 44. Rc6 Bd6 45. Nf5+ Kh7 46. Nxd6 1-0

[Event "Bronshoj SenSommer A"]
[Site "Bronshoj"]
[Date "2015.09.01"]
[Round "3"]
[White "Kristiansen, Jesper"]
[Black "Yssing, Klaus"]
[Result "1-0"]
[WhiteElo "2051"]
[BlackElo "2039"]
[PlyCount "119"]
[EventDate "2015.08.20"]
[EventType "swiss"]
[EventRounds "7"]
[EventCountry "DEN"]
[SourceTitle "EXT 2024"]
[Source "ChessBase"]
[SourceDate "2023.10.10"]
[SourceVersion "1"]
[SourceVersionDate "2023.10.10"]
[SourceQuality "1"]

1. g3 g6 2. Bg2 Bg7 3. e4 c5 4. d3 Nc6 5. Nc3 d6 6. Be3 e6 7. Qd2 a6 8. f4 Nge7 9. Nf3 0-0 10. 0-0 Bd7 11. Rae1 Qa5 12. d4 Rfd8 13. Qf2 Qb4 14. dxc5 Qxb2 15. Na4 Qxa2 16. Nb6 dxc5 17. e5 Nd5 18. Ra1 Qb2 19. Nxa8 Rxa8 20. Bxc5 Bf8 21. Bxf8 Rxf8 22. Rab1 Qc3 23. Rxb7 Rd8 24. Ng5 Na5 25. Ne4 Qe3 26. Qxe3 Nxe3 27. Rxd7 Rc8 28. Nf6+ Kg7 29. Ra1 Nac4 30. Rxa6 g5 31. Raa7 gxf4 32. Rxf7+ Kg6 33. Be4+ Nf5 34. g4 Nxe5 35. gxf5+ exf5 36. Rg7+ Kxf6 37. Bd3 h5 38. Rgc7 Rg8+ 39. Kf1 Nf3 40. Rc6+ Kg5 41. Kg2 Ne5 42. Rc5 Kh4+ 43. Kf1 Ng4 44. Bxf5 Nxh2+ 45. Kf2 Rd8 46. Bd3 f3 47. Ra4+ Ng4+ 48. Kxf3 Rf8+ 49. Rf4 Re8 50. Be4 Re6 51. c4 Ra6 52. Rd5 Ra2 53. Bg6 Ra3+ 54. Bd3 Ra2 55. c5 Ra1 56. c6 Rf1+ 57. Ke4 Rc1 58. Rd6 Kg3 59. Rf1 Rc5 60. Kd4 1-0

[Event "DEN-ch Kort 2 A"]
[Site "Skorping"]
[Date "2014.04.17"]
[Round "1"]
[White "Vangsgaard, Claus"]
[Black "Yssing, Klaus"]
[Result "0-1"]
[WhiteElo "1851"]
[BlackElo "2028"]
[PlyCount "61"]
[EventDate "2014.04.17"]
[EventType "swiss"]
[EventRounds "5"]
[EventCountry "DEN"]
[SourceTitle "EXT 2023"]
[Source "ChessBase"]
[SourceDate "2022.10.05"]
[SourceVersion "1"]
[SourceVersionDate "2022.10.05"]
[SourceQuality "1"]

1. e4 Nf6 2. e5 Nd5 3. c4 Nb6 4. c5 Nd5 5. Nc3 e6 6. Nxd5 exd5 7. d4 d6 8. cxd6 cxd6 9. Nf3 Nc6 10. Be2 Be7 11. 0-0 0-0 12. Bf4 dxe5 13. Nxe5 Qb6 14. Nxc6 bxc6 15. Rc1 Re8 16. Rc2 Bf6 17. Be3 Bd7 18. Qd2 a5 19. Rd1 g6 20. g4 a4 21. Kg2 Rab8 22. h4 Be7 23. Qc1 f5 24. h5 fxg4 25. hxg6 hxg6 26. Bf4 Rb7 27. Be5 Bf8 28. Qg5 Bf5 29. Rh1 Rxe5 30. dxe5 Bxc2 31. Bxg4 0-1

[Event "Copenhagen BSF-B"]
[Site "Copenhagen"]
[Date "2014.03.29"]
[Round "2"]
[White "Skovgaard, Ib"]
[Black "Yssing, Klaus"]
[Result "1-0"]
[WhiteElo "2038"]
[BlackElo "2012"]
[PlyCount "57"]
[EventDate "2014.03.28"]
[EventType "tourn"]
[EventRounds "5"]
[EventCountry "DEN"]
[SourceTitle "EXT 2016"]
[Source "ChessBase"]
[SourceDate "2015.10.08"]
[SourceVersion "1"]
[SourceVersionDate "2015.10.08"]
[SourceQuality "1"]

1. e4 Nf6 2. e5 Nd5 3. d4 d6 4. c4 Nb6 5. exd6 cxd6 6. Nc3 g6 7. Be3 Bg7 8. Rc1 0-0 9. b3 Nc6 10. d5 Ne5 11. Be2 a5 12. f4 Ned7 13. Nf3 Re8 14. 0-0 Nf6 15. Nd4 e5 16. fxe5 dxe5 17. Ndb5 Bf5 18. g4 Bc8 19. g5 Nfd7 20. c5 Nxc5 21. Bxc5 Qxg5+ 22. Kh1 Bh3 23. Rg1 Qd8 24. Nd6 Bf8 25. Nce4 f5 26. Bxb6 Qxb6 27. Nf6+ Kh8 28. Ndxe8 f4 29. Rc7 1-0

[Event "Copenhagen Bronshoj Sensommer op"]
[Site "Copenhagen"]
[Date "2013.09.05"]
[Round "4"]
[White "Petersen, Steen"]
[Black "Yssing, Klaus"]
[Result "1-0"]
[WhiteElo "2097"]
[BlackElo "2031"]
[PlyCount "81"]
[EventDate "2013.08.15"]
[EventType "swiss"]
[EventRounds "7"]
[EventCountry "DEN"]
[SourceTitle "EXT 2016"]
[Source "ChessBase"]
[SourceDate "2015.10.08"]
[SourceVersion "1"]
[SourceVersionDate "2015.10.08"]
[SourceQuality "1"]

1. e4 e6 2. d4 d5 3. Nc3 Bb4 4. e5 c5 5. a3 cxd4 6. axb4 dxc3 7. Nf3 Qc7 8. b5 Nd7 9. Qd4 Ne7 10. Bd3 Ng6 11. Bxg6 hxg6 12. bxc3 Rh5 13. Bf4 Qc4 14. Qxc4 dxc4 15. g4 Rh3 16. Bg3 Nc5 17. Nd2 Bd7 18. Nxc4 Ne4 19. Nb6 Rb8 20. Nxd7 Kxd7 21. 0-0 Nxc3 22. Rxa7 Nxb5 23. Rd1+ Ke7 24. Ra5 Nc3 25. Rd3 Nd5 26. Rb3 Rhh8 27. c4 Nc7 28. Ra7 Kd7 29. Rb6 g5 30. Rd6+ Kc8 31. Ra3 Ra8 32. Rf3 Rf8 33. h4 Ra4 34. hxg5 Rxc4 35. g6 f6 36. exf6 gxf6 37. g5 f5 38. Rfd3 Rg8 39. Rd8+ Rxd8 40. Rxd8+ Kxd8 41. g7 1-0

[Event "Copenhagen Bronshoj Sensommer op"]
[Site "Copenhagen"]
[Date "2013.08.29"]
[Round "3"]
[White "Henrichsen, Jens"]
[Black "Yssing, Klaus"]
[Result "1-0"]
[WhiteElo "1937"]
[BlackElo "2031"]
[PlyCount "61"]
[EventDate "2013.08.15"]
[EventType "swiss"]
[EventRounds "7"]
[EventCountry "DEN"]
[SourceTitle "EXT 2016"]
[Source "ChessBase"]
[SourceDate "2015.10.08"]
[SourceVersion "1"]
[SourceVersionDate "2015.10.08"]
[SourceQuality "1"]

1. d4 f5 2. g3 g6 3. Bg2 Bg7 4. c3 Nf6 5. Qb3 Nc6 6. Nd2 d6 7. Nh3 e5 8. dxe5 dxe5 9. e4 f4 10. Ng5 Qe7 11. gxf4 exf4 12. 0-0 Bd7 13. Nc4 h6 14. Nf3 g5 15. e5 Nh5 16. e6 Bc8 17. Re1 0-0 18. Bd2 g4 19. Nfe5 f3 20. Ng6 Qf6 21. Nxf8 Bxf8 22. e7 Bxe7 23. Nb6+ Kg7 24. Nxa8 fxg2 25. Nxc7 Ne5 26. Ne8+ Kg6 27. Nxf6 Nf3+ 28. Kxg2 Nh4+ 29. Kf1 Bf5 30. Rxe7 Bd3+ 31. Ke1 1-0

[Event "Copenhagen Bronshoj Sensommer op"]
[Site "Copenhagen"]
[Date "2013.08.22"]
[Round "2"]
[White "Yssing, Klaus"]
[Black "Almer, Julia"]
[Result "1/2-1/2"]
[WhiteElo "2031"]
[BlackElo "1957"]
[PlyCount "39"]
[EventDate "2013.08.15"]
[EventType "swiss"]
[EventRounds "7"]
[EventCountry "DEN"]
[SourceTitle "EXT 2016"]
[Source "ChessBase"]
[SourceDate "2015.10.08"]
[SourceVersion "1"]
[SourceVersionDate "2015.10.08"]
[SourceQuality "1"]

1. e4 e6 2. d4 d5 3. Nd2 dxe4 4. Nxe4 Nd7 5. Nf3 Ngf6 6. Nxf6+ Nxf6 7. c3 c5 8. Bg5 cxd4 9. Bxf6 gxf6 10. Nxd4 Bd7 11. Qh5 Qb6 12. Bc4 Qc5 13. Qe2 Qe5 14. 0-0 Qxe2 15. Bxe2 Rg8 16. Nb5 Ke7 17. g3 Bxb5 18. Bxb5 Bg7 19. Rfd1 Rad8 20. Kf1 1/2-1/2

[Event "Copenhagen Bronshoj op"]
[Site "Copenhagen"]
[Date "2013.02.09"]
[Round "3"]
[White "Andersen, Daniel"]
[Black "Yssing, Klaus"]
[Result "0-1"]
[WhiteElo "1901"]
[BlackElo "2011"]
[PlyCount "70"]
[EventDate "2013.02.08"]
[EventType "swiss"]
[EventRounds "7"]
[EventCountry "DEN"]
[SourceTitle "CBM 152 Extra"]
[Source "ChessBase"]
[SourceDate "2013.02.25"]
[SourceVersion "1"]
[SourceVersionDate "2013.02.25"]
[SourceQuality "1"]

1. c4 f5 2. Nf3 Nf6 3. g3 g6 4. Bg2 Bg7 5. 0-0 0-0 6. Nc3 e6 7. d4 d5 8. b3 c5 9. cxd5 exd5 10. Bg5 Be6 11. Rc1 h6 12. Bxf6 Qxf6 13. dxc5 d4 14. Nb5 Nc6 15. Nc7 Rad8 16. Nxe6 Qxe6 17. Qd2 g5 18. Ne1 a5 19. Nd3 Rde8 20. Rc2 Re7 21. Rb1 f4 22. a3 h5 23. b4 h4 24. gxh4 Qg4 25. b5 Ne5 26. Nxe5 Bxe5 27. Qd3 f3 28. exf3 Qxh4 29. h3 Rfe8 30. Rcc1 Qf4 31. Re1 Bg7 32. Re4 Rxe4 33. fxe4 Be5 34. c6 b6 35. Rb2 Qc1+ 0-1

[Event "Copenhagen Bronshoj op"]
[Site "Copenhagen"]
[Date "2013.02.09"]
[Round "2"]
[White "Yssing, Klaus"]
[Black "Rosenkilde, Alexander"]
[Result "0-1"]
[WhiteElo "2011"]
[BlackElo "2253"]
[PlyCount "86"]
[EventDate "2013.02.08"]
[EventType "swiss"]
[EventRounds "7"]
[EventCountry "DEN"]
[SourceTitle "CBM 152 Extra"]
[Source "ChessBase"]
[SourceDate "2013.02.25"]
[SourceVersion "1"]
[SourceVersionDate "2013.02.25"]
[SourceQuality "1"]

1. e4 c5 2. Nf3 Nc6 3. c3 d5 4. exd5 Qxd5 5. d4 Bg4 6. Be2 cxd4 7. cxd4 e6 8. Nc3 Qa5 9. 0-0 Nf6 10. a3 Bd6 11. Be3 0-0 12. h3 Bh5 13. b4 Qd8 14. Qd2 Rc8 15. Rfd1 Nd5 16. Bg5 Qd7 17. Ne4 Bb8 18. Bh4 Bf4 19. Qb2 Bg6 20. Nc5 Qc7 21. Nd3 Bxd3 22. Bxd3 h6 23. g3 g5 24. gxf4 gxh4 25. Ne5 Nxf4 26. Qd2 Nxh3+ 27. Kf1 Nxe5 28. dxe5 Qxe5 29. Qxh6 Ng5 30. Qxh4 f6 31. f4 Qe3 32. Qf2 Qh3+ 33. Qg2 Qxg2+ 34. Kxg2 Nf7 35. Kf3 Rfd8 36. Bb5 Rc3+ 37. Kg4 Nh6+ 38. Kh5 Kh7 39. Kh4 Nf5+ 40. Kh5 Rh3+ 41. Kg4 Rg3+ 42. Kh5 Rdg8 43. Rd7+ Kh8 0-1

[Event "DEN-ch qual1"]
[Site "Helsingor"]
[Date "2012.04.07"]
[Round "4"]
[White "Yssing, Klaus"]
[Black "Christensen, Esben"]
[Result "1/2-1/2"]
[WhiteElo "1945"]
[BlackElo "2022"]
[PlyCount "38"]
[EventDate "2012.04.05"]
[EventType "swiss"]
[EventRounds "5"]
[EventCountry "DEN"]
[SourceTitle "EXT 2018"]
[Source "ChessBase"]
[SourceDate "2017.10.13"]
[SourceVersion "1"]
[SourceVersionDate "2017.10.13"]
[SourceQuality "1"]

1. d4 Nf6 2. c4 c5 3. e3 d5 4. Nf3 Bg4 5. dxc5 e5 6. Be2 Nc6 7. Nc3 d4 8. exd4 exd4 9. Na4 Bf5 10. Nh4 Be6 11. 0-0 Ne4 12. Nf3 Nxc5 13. Nxc5 Bxc5 14. Bf4 h6 15. Ne1 Qf6 16. Nd3 Be7 17. b3 0-0 18. Re1 Bf5 19. Bg3 Rad8 1/2-1/2

[Event "EU-Cup 24th"]
[Site "Kallithea"]
[Date "2008.10.22"]
[Round "6"]
[White "Gilbert, Colin"]
[Black "Yssing, Klaus"]
[Result "0-1"]
[WhiteElo "1865"]
[BlackElo "2125"]
[PlyCount "102"]
[EventDate "2008.10.17"]
[EventType "team-swiss"]
[EventRounds "7"]
[EventCountry "GRE"]
[SourceTitle "CBM 127"]
[Source "ChessBase"]
[SourceDate "2008.11.13"]
[SourceVersion "1"]
[SourceVersionDate "2008.11.13"]
[SourceQuality "1"]
[WhiteTeam "Cwmbran"]
[BlackTeam "Copenhagen Bronshoj"]
[WhiteTeamCountry "WLS"]
[BlackTeamCountry "DEN"]

1. d4 Nf6 2. Nf3 d5 3. c4 e6 4. Bg5 Nbd7 5. cxd5 exd5 6. Nc3 c6 7. e3 Be7 8. Qc2 0-0 9. Bd3 Re8 10. 0-0 Nf8 11. Rae1 Bg4 12. Ne5 Bh5 13. h3 N6d7 14. Bxe7 Rxe7 15. Nxd7 Qxd7 16. Ne2 Bg6 17. Nf4 Qd6 18. Nxg6 hxg6 19. Qc5 Qxc5 20. dxc5 Rae8 21. Rc1 Ne6 22. b4 d4 23. Rc4 dxe3 24. fxe3 Rd8 25. Bc2 Rd2 26. Rf2 Red7 27. Bb3 Kf8 28. Rg4 Rxf2 29. Kxf2 Nc7 30. Rd4 Rxd4 31. exd4 Na6 32. a3 Nc7 33. Ke3 g5 34. Ke4 g6 35. Ke5 Ke7 36. Bc4 f6+ 37. Ke4 b5 38. cxb6 axb6 39. a4 b5 40. axb5 cxb5 41. Bd3 Kd6 42. g4 Kc6 43. d5+ Kd6 44. Kd4 Nxd5 45. Bxb5 Nxb4 46. Be8 Nc6+ 47. Ke4 Ne7 48. Bb5 Nd5 49. Bf1 Nb6 50. Bb5 Nd7 51. Ba4 Nc5+ 0-1

[Event "EU-Cup 23rd"]
[Site "Kemer"]
[Date "2007.10.05"]
[Round "3.6"]
[White "Yssing, Klaus"]
[Black "Gunnarsson, Jon Viktor"]
[Result "0-1"]
[WhiteElo "2140"]
[BlackElo "2427"]
[PlyCount "40"]
[EventDate "2007.10.03"]
[EventType "team-swiss"]
[EventRounds "7"]
[EventCountry "TUR"]
[SourceTitle "CBM 121"]
[Source "ChessBase"]
[SourceDate "2007.11.14"]
[SourceVersion "1"]
[SourceVersionDate "2007.11.14"]
[SourceQuality "1"]
[WhiteTeam "Bronshoj"]
[BlackTeam "Reykjavik CC"]
[WhiteTeamCountry "DEN"]
[BlackTeamCountry "ISL"]

1. Nf3 c5 2. g3 Nc6 3. d4 cxd4 4. Nxd4 g6 5. Bg2 Bg7 6. c3 Nf6 7. 0-0 0-0 8. e4 Qc7 9. Be3 d6 10. h3 Bd7 11. Na3 a6 12. Qe2 Rac8 13. Rac1 b5 14. c4 Nxd4 15. Bxd4 b4 16. Nc2 Qa5 17. b3 Bc6 18. Ne1 e5 19. Ba1 Qb6 20. Rc2 Rfd8 0-1